| 000 | 01659nam a2200385 c 4500 | ||
|---|---|---|---|
| 999 |
_c144626 _d144626 |
||
| 003 | BLK | ||
| 005 | 20221101150909.0 | ||
| 008 | 180410b bul|||||r ||||||| ||bul|| | ||
| 010 | _aKNG00150786000 | ||
| 040 | _aBLK | ||
| 041 |
_aBUL _cBUL |
||
| 080 |
_aСкептицизъм. Рационализъм. Свободна религия _b211.5 _x(02.062) _z211.5(02.062) |
||
| 080 |
_aМедицина _b61 _x(02.062) _z61(02.062) |
||
| 100 | 1 |
_aБоров, Иван Бончев _eпърви автор _9328394 |
|
| 139 |
_aБоров, Иван Бончев _bБ 67 |
||
| 245 | 1 | 0 |
_aСуеверие и медицина _bНауч.-попул. очерк _cИван Бончев Боров; предг. от Иван Богданов. |
| 257 | _aBGR | ||
| 260 |
_aСофия _bМедицина и физкултура _c1977 _fПловдив : Д. Благоев |
||
| 300 |
_a184 с. _c20 см |
||
| 380 | _a2 | ||
| 490 |
_aМедико-биологични знания за младежта _9202387 |
||
| 500 | _a15 100 тир.- Библиогр. с. 181-182. | ||
| 650 | 4 |
_aРелигиозни предразсъдъци и суеверия _9264887 |
|
| 650 | 4 |
_aМедицина _9161604 |
|
| 653 | _aрелигия | ||
| 653 | _aпредразсъдъци | ||
| 653 | _aсуеверия | ||
| 653 | _aмедицина | ||
| 700 | 1 |
_aБогданов, Иван _eпредг. от _gГенчев, Иван Богданов _9365495 |
|
| 852 | _aЦб 86863 | ||
| 856 | 4 |
_qpdf _i0.00 _ldisable |
|
| 856 | 4 |
_qpdf _i0.00 _ldisable |
|
| 942 |
_cKNG _n0 _s1 |
||
| 944 |
_aCR _c25.09.2013 _l25.09.2013 - от С1,Р / 25.09.2013 _kРадостина_Карадакова |
||
| 944 |
_aED _c25.09.2013 _l25.09.2013 - от С1,Р / 25.09.2013 |
||
| 944 |
_aED _c2022-11-01 _kХристина Везирева |
||
| 999 | _d144626 | ||